Statistiques concernant Anagrammes - Prénoms masculins - Série 13

Cliquez ici pour prendre le quiz!

Statistiques générales

  • Ce quiz a été pris 148 fois
  • Le résultat moyen est 8 sur 10

Statistiques - réponses

AnagrammePrénom% Correct
FLEIXFélix
98%
MINJANEBBenjamin
97%
TLEMCENClement
97%
MEILLACCamille
92%
TANEGAGaetan
83%
ELIMINEEmilien
74%
TRANSITTristan
74%
SUEDEEudes
73%
RONFLAIFlorian
63%
RODINADorian
43%

Distribution des résultats

Percentile par nombre de réponses

% des personnes avec chaque résultat

Votre développement - résultats

Vous n’avez pas pris ce quiz